000 00410 a2200169 4500
003 Nust
005 20230310101640.0
020 _a0822020068
040 _cNust
082 _a378.1662,COV
100 _aCovino, Zandy,Kay
_9110122
245 _aCliffs GRE Preparation /
_cCovino, Zandy,Kay
260 _aJerry Bobrow
_bU.S.A
_c1980
300 _a267p;
650 _aGRE Preparation
_9110123
942 _2ddc
_cBK
999 _c194189
_d194189